[Event "Bresso op 5th"]
[Site "Bresso"]
[Date "2006.06.18"]
[Round "6"]
[White "Kokosar, Oliviero"]
[Black "Ferraris, Fulvio"]
[Result "0-1"]
[WhiteElo "1478"]
[BlackElo "1751"]
[PlyCount "80"]
[EventDate "2006.06.15"]
[EventType "swiss"]
[EventRounds "6"]
[EventCountry "ITA"]
[SourceTitle "EXT 2024"]
[Source "ChessBase"]
[SourceDate "2023.10.10"]
[SourceVersion "1"]
[SourceVersionDate "2023.10.10"]
[SourceQuality "1"]

1. e4 e6 2. d4 d5 3. Nc3 Bb4 4. e5 Bd7 5. a3 Bxc3+ 6. bxc3 c5 7. Nf3 c4 8. Be2 h6 9. g3 Nc6 10. Nh4 Qc7 11. Bh5 Nce7 12. Qf3 g6 13. Qg4 0-0-0 14. Bxg6 Nxg6 15. Nxg6 fxg6 16. Qxg6 Ne7 17. Qh5 Qa5 18. Bd2 Nf5 19. Qd1 Rdf8 20. f4 h5 21. Qc1 Qd8 22. Rb1 Bc6 23. Qb2 Rfg8 24. Kf2 h4 25. Rhg1 hxg3+ 26. hxg3 Rh2+ 27. Ke1 Rxg3 28. Rxg3 Nxg3 29. Kd1 Qh4 30. Qb4 Rh1+ 31. Be1 Qg4+ 32. Kc1 Rxe1+ 33. Kb2 Rxb1+ 34. Kxb1 Qxf4 35. Qe7 Qf5 36. Qg7 Ne4 37. Kb2 Qf3 38. Qg8+ Kc7 39. Qxe6 Qxc3+ 40. Kb1 Qxa3 0-1

[Event "Lombardia-ch"]
[Site "Monza"]
[Date "2005.05.15"]
[Round "2"]
[White "Kokosar, Oliviero"]
[Black "Bergonzoni, Carlo"]
[Result "1-0"]
[WhiteElo "1499"]
[BlackElo "1509"]
[PlyCount "49"]
[EventDate "2005.05.14"]
[EventType "swiss"]
[EventRounds "6"]
[EventCountry "ITA"]
[SourceTitle "EXT 2007"]
[Source "ChessBase"]
[SourceDate "2006.11.23"]
[SourceVersion "1"]
[SourceVersionDate "2006.11.23"]
[SourceQuality "1"]

1. c4 Nf6 2. Nc3 e6 3. g3 d5 4. cxd5 exd5 5. d4 c6 6. Bg2 Be7 7. Nf3 0-0 8. 0-0 Nbd7 9. a3 a5 10. Qc2 Re8 11. Re1 Nf8 12. Ne5 g6 13. h3 Bf5 14. Qd2 Ne4 15. Nxe4 Bxe4 16. f3 Bf5 17. g4 Bd7 18. f4 f5 19. g5 Ne6 20. h4 b6 21. e3 c5 22. Bxd5 Rc8 23. b3 cxd4 24. exd4 Kf8 25. Nxd7+ 1-0